000 01278nam a2200325 4500
003 OSt
005 20260530113905.0
008 260507b2005 mx a|||| |||| 00| 0 spa d
020 _a9709726102
040 _aICI
_bspa / eng
_cICI
041 _aspa / eng
050 _aNA7125
_bH39 2005
100 1 _aHaro, Fernando de,
_eautor
_932726
245 1 0 _aHouses :
_bCasas = Maisons = Hauser /
_cauthors, Fernando de Haro & Omar Fuentes ; english translation, Mexidiom Traducciones ; french & german translation, Passportinternational.net
246 3 0 _aauthors, Fernando de Haro & Omar Fuentes ; english translation, Mexidiom Traducciones ; french & german translation, Passportinternational.net
246 3 0 _aMaisons
246 3 0 _aHäuser
264 1 _aMéxico, D.F. :
_bAM Editores,
_c2005
300 _a261 páginas :
_bilustraciones
336 _atexto
_2rdacontent
337 _asin medio
_2rdamedia
338 _avolumen
_2rdacarrier
490 0 _aIdeas
500 _aTexto paralelo en inglés, español, francés y alemán
650 4 _aArquitectura doméstica
_932727
650 4 _aDecoración de interiores
_96140
710 2 _aMexidiom Traducciones (Firma comercial)
_932728
710 2 _aPassportinternational.net (Firma comercial)
_932729
942 _2lcc
_cBK
_n1
999 _c11925
_d11925